| 000 | 00890ngm a22002417i 4500 | ||
|---|---|---|---|
| 001 | IT\ICCU\LO1\0733387 | ||
| 003 | ItRI | ||
| 005 | 20260124182822.0 | ||
| 008 | 030301s1989 it |||||||||||||||k|||||c | ||
| 040 | _bita | ||
| 041 | 7 |
_aita _2ISO-639-2 |
|
| 100 | 1 |
_aMusazzi, Felice _0IT\ICCU\CFIV\052324 _4aut |
|
| 245 | 1 | 0 |
_aSi va a incominciare / _cI Legnanesi ; [con Felice Musazzi e Tony Barlocco]. |
| 260 |
_a[Milano] : _bVideo Crown, _c[dopo il 1989] |
||
| 300 |
_a1 videocassetta (VHS) (78 min.) : _bcolor., son. ; _c20 cm |
||
| 500 | _aTit. del contenitore | ||
| 500 | _aSul cont.: Frammenti del teatro lombardo. | ||
| 700 | 1 |
_aBarlocco, Tony _0IT\ICCU\LO1V\252206 _4aut |
|
| 790 | 1 |
_aBarlocco, Antonio _3IT\ICCU\SBNV\080085 _zBarlocco, Tony |
|
| 791 | 2 |
_a<<I >>Legnanesi _3IT\ICCU\LO1V\252258 _yBarlocco, Tony |
|
| 830 | 2 |
_aI Legnanesi ; _v3 _0IT\ICCU\LO1\0733382 |
|
| 942 |
_2ddc _cVM _n0 |
||
| 999 |
_c22715 _d22715 |
||